000
00220 a2200109 4500
020
_a
9788479535315
041
_a
spa
100
_a
Jean Francois Revel
245
_a
La obsesion Antiamericana
942
_c
BK
952
_7
1
999
_c
21338
_d
21338